The Problem Solving Process: Make Up Your Mind.
By the end of this program, students will have a six-step process to tackle any problem--whether it’s delivering a paper when the printer breaks or delivering a 600 lb. tiger who missed breakfast. Students learn to identify the problem, brainstorm solutions, evaluate their options, implement the bes...
| Corporate Authors: | , |
|---|---|
| Format: | Video |
| Language: | English |
| Language Notes: | In english |
| Published: |
[San Francisco, California, USA] :
Learning Seed,
2011.
Kanopy Streaming, 2016. |
| Subjects: | |
| Online Access: | Connect to this streaming video |
MARC
| Tag | First Indicator | Second Indicator | Subfields |
|---|---|---|---|
| LEADER | 00000cgm a22000004a 4500 | ||
| 001 | in00003754331 | ||
| 006 | m o c | ||
| 007 | cr una---unuuu | ||
| 007 | vz uzazuu | ||
| 008 | 160825p20162011cau026 o vleng d | ||
| 005 | 20260324182122.5 | ||
| 028 | 5 | 2 | |a 1097763 |b Kanopy |
| 035 | |a (OCoLC)956899396 | ||
| 035 | |a (CaSfKAN)kan1097763 | ||
| 040 | |a VDU |b eng |c VDU |d UtOrBLW | ||
| 245 | 0 | 4 | |a The Problem Solving Process: Make Up Your Mind. |
| 264 | 1 | |b Learning Seed, |c 2011. | |
| 264 | 1 | |a [San Francisco, California, USA] : |b Kanopy Streaming, |c 2016. | |
| 300 | |a 1 online resource (streaming video file) (27 minutes): |b digital, .flv file, sound | ||
| 306 | |a 002601 | ||
| 336 | |a two-dimensional moving image |b tdi |2 rdacontent | ||
| 337 | |a computer |b c |2 rdamedia | ||
| 338 | |a online resource |b cr |2 carrier | ||
| 500 | |a Title from title frames. | ||
| 500 | |a Film | ||
| 518 | |a Originally produced by Learning Seed in 2011. | ||
| 520 | |a By the end of this program, students will have a six-step process to tackle any problem--whether it’s delivering a paper when the printer breaks or delivering a 600 lb. tiger who missed breakfast. Students learn to identify the problem, brainstorm solutions, evaluate their options, implement the best idea, and then review and plan for prevention. We also present five tips to help viewers tap into their natural problem-solving creativity. Whether an obstacle big or a small, this program show there’s no tiger too big to tame.. | ||
| 538 | |a Mode of access: World Wide Web. | ||
| 546 | |a In english | ||
| 500 | |a Electronic resource. | ||
| 650 | 0 | |a Education, Primary. |0 http://id.loc.gov/authorities/subjects/sh85041077 | |
| 655 | 7 | |a Internet videos. |2 lcgft |0 http://id.loc.gov/authorities/genreForms/gf2011026337 | |
| 655 | 7 | |a Educational films. |2 lcgft |0 http://id.loc.gov/authorities/genreForms/gf2011026219 | |
| 710 | 2 | |a Learning Seed (Firm),$4dst. | |
| 710 | 2 | |a Kanopy (Firm),$4dst. | |
| 856 | 4 | 0 | |u http://proxy.library.tamu.edu/login?url=https://texasam.kanopystreaming.com/node/97764 |z Connect to this streaming video |t 0 |
| 999 | f | f | |s 78db77ef-390c-38d3-aa86-ea618311c51d |i cd7df4a1-d53a-3b24-9e75-877478286578 |t 0 |
| 952 | f | f | |a Texas A&M University |b College Station |c Electronic Resources |s www_evans |d Available Online |t 0 |h No information provided |
| 998 | f | f | |t 0 |l Available Online |